Flags to Capitals - Random Edition - Statistics

General Stats
  • This quiz has been taken 809 times
    673 since last reset
  • The average score is 42 of 50
Answer Stats
Picture Answer % Correct
New Delhi
100%
Canberra
97%
Copenhagen
97%
Panama City
96%
Paris
96%
Rome
96%
Sofia
96%
Vatican City
96%
Washington D.C.
96%
Athens
95%
Belgrade
95%
Brussels
95%
Buenos Aires
95%
Kyiv
95%
London
95%
Pretoria/Cape Town/ Bloemfontein
95%
Berlin
94%
Brasilia
94%
Doha
94%
Mexico City
94%
Pyongyang
94%
Abu Dhabi
93%
Beijing
93%
Bogota
93%
Cairo
93%
Dublin
93%
Kathmandu
93%
Manila
93%
Rabat
93%
Seoul
93%
Taipei
93%
Tokyo
93%
Vaduz
93%
Vienna
93%
Zagreb
93%
Astana
92%
Lisbon
92%
Montevideo
92%
Moscow
92%
Prague
92%
Santiago
92%
Sarajevo
92%
Tehran
92%
Tirana
92%
Ulaanbaataar
92%
Baghdad
91%
Bangkok
91%
Bern
91%
Budapest
91%
Kabul
91%
Kuala Lumpur
91%
Lima
91%
Oslo
91%
Riyadh
91%
Singapore
91%
Tripoli
91%
Amsterdam
90%
Damascus
90%
Helsinki
90%
Jerusalem
90%
Madrid
90%
Ottawa
90%
Riga
90%
San Marino
90%
Tallinn
90%
Andorra la Vella
89%
Kingston
89%
Luxembourg
89%
Port-au-Prince
89%
Reykjavik
89%
Sao Tome
89%
Skopje
89%
Stockholm
89%
Ankara
88%
Asuncion
88%
Bratislava
88%
Castries
88%
Hanoi
88%
Vilnius
88%
Warsaw
88%
Algiers
87%
Dili
87%
Guatemala City
87%
Kinshasa
87%
Valletta
87%
Addis Ababa
86%
Baku
86%
Bucharest
86%
Jakarta
86%
Luanda
86%
Muscat
86%
Suva
86%
Tashkent
86%
Tunis
86%
Wellington
86%
Beirut
85%
Bishkek
85%
Chisinau
85%
Dhaka
85%
Havana
85%
Islamabad
85%
Kuwait City
85%
Ljubljana
85%
Monaco
85%
Nicosia
85%
Podgorica
85%
Quito
85%
Tbilisi
85%
Amman
84%
Caracas
84%
Dodoma
84%
Dushanbe
84%
La Paz / Sucre
84%
Lilongwe
84%
Male
84%
Minsk
84%
Port-of-Spain
84%
Victoria
84%
Yerevan
84%
Bandar Seri Begawan
83%
Belmopan
83%
Mogadishu
83%
Nairobi
83%
Phnom Penh
83%
San Jose
83%
Djibouti City
82%
Gaborone
82%
Georgetown
82%
Malabo
82%
Nassau
82%
Nouakchott
82%
Ouagadougou
82%
Port Moresby
82%
Vientiane
82%
Antananarivo
81%
Kampala
81%
Kingstown
81%
Manama
81%
Naypyidaw
81%
Paramaribo
81%
Santo Domingo
81%
Thimphu
81%
Abuja
80%
South Tarawa
80%
Accra
79%
Bridgetown
79%
Mbabane
79%
Monrovia
79%
Windhoek
79%
Banjul
78%
Khartoum
78%
Praia
78%
Pristina
78%
Sri Jayawardenepura Kotte
78%
Tegucigalpa
78%
Yaren
78%
Bissau
77%
Freetown
77%
Maputo
77%
Sana'a
77%
San Salvador
77%
Yamoussoukro
77%
Brazzaville
76%
Lusaka
76%
Saint George's
76%
Ashgabat
75%
Bangui
75%
Funafuti
75%
Nuku'alofa
75%
Harare
74%
Managua
74%
N'Djamena
74%
Bamako
73%
Basseterre
73%
Juba
73%
Moroni
73%
Porto Novo
73%
Conakry
72%
Saint John's
72%
Yaounde
72%
Kigali
71%
Ngerulmud
71%
Apia
70%
Dakar
70%
Niamey
70%
Honiara
69%
Port Vila
69%
Roseau
69%
Asmara
68%
Gitega
68%
Libreville
68%
Lome
68%
Maseru
68%
Majuro
65%
Palikir
61%
Port Louis
60%
No matching quizzes found
Score Distribution
Percent of People with Each Score
Percentile by Number Answered
Your Score History
You have not taken this quiz since the last reset